000 00851nam0a22002531 4500
001 v19\rc\1686573
005 20260406174034.0
035 _a(NLR Aleph) 004791329
090 _a4732353
_c4732353
100 _a20061002d1896 |||y0rusy50 ca
101 0 _arus
102 _aRU
105 _ay z |||||
200 1 _aПоложение о Московском инженерном училище Ведомства путей сообщения
_e[... Утв. 23 мая 1896 г.]
210 _aСанкт-Петербург
_d1896
215 _a17 с.
_d27
710 0 2 _aМосковское инженерное училище
_3RU\NLR\AUTH\889941962
_9378767
801 0 _aRU
_bNLR
_gpsbo
801 0 _aRU
_bRuMoRGB
_2psbo
801 1 _aRU
_bProSoft-M
_2rusmarc
852 _aNLR
_j18.278.2.230
899 _aRuMoRGB
_jV 118/748
942 _cBOOK
980 _aNB